00438nam a2200181Ia 4500003000900000008004100009040001300050040001300063041000900076100001900085245007900104250001200183260002300195260000900218300001100227300001200238490000600250IT-RoPAU120407s9999 xx 000 0 und d aIT-RoPAU cIT-RoPAU alat  aBenedictus XIV aInstitutiones ecclesisticae, in synopsim redactae, ab Emmanuele De Azevedo aVenezia aDominicum Pompesti c1790 a680 p. c23,5 cm v1